MARC details
| 000 -LEADER |
| fixed length control field |
01440nas a2200229 a 4500 |
| 008 - FIXED-LENGTH DATA ELEMENTS--GENERAL INFORMATION |
| fixed length control field |
120918c20039999||||||||||||||||| || u |
| 050 ## - LIBRARY OF CONGRESS CALL NUMBER |
| Classification number |
TX 341 Foo |
| 110 ## - MAIN ENTRY--CORPORATE NAME |
| Corporate name or jurisdiction name as entry element |
United Nations Food and Agriculture Organisation (FAO) |
| 245 10 - TITLE STATEMENT |
| Title |
Food, nutrition and agriculture. |
| Statement of responsibility, etc. |
by Food and Agriculture Organization |
| 260 ## - PUBLICATION, DISTRIBUTION, ETC. |
| Place of publication, distribution, etc. |
Rome |
| Name of publisher, distributor, etc. |
United Nations Food and Agriculture Organisation (FAO) |
| Date of publication, distribution, etc. |
2003 |
| 300 ## - PHYSICAL DESCRIPTION |
| Extent |
various pagings |
| 362 1# - |
| -- |
<p>30, 2002; 31,2002; 32, 2003; 33, 2003</p> |
| 500 ## - GENERAL NOTE |
| General note |
Orange Trunk Library Collection (WHO). |
| 650 ## - SUBJECT ADDED ENTRY--TOPICAL TERM |
| Topical term or geographic name entry element |
NUTRITION--PERIODICALS |
| 650 ## - SUBJECT ADDED ENTRY--TOPICAL TERM |
| Topical term or geographic name entry element |
AGRICULTURE--PERIODICALS |
| 650 ## - SUBJECT ADDED ENTRY--TOPICAL TERM |
| Topical term or geographic name entry element |
FOOD SUPPLY--PERIODICALS |
| 650 #0 - SUBJECT ADDED ENTRY--TOPICAL TERM |
| Topical term or geographic name entry element |
NUTRITION |
| 995 ## - |
| -- |
MEDICAL LIBRARY OPEN ACCESS |
| -- |
901866 |
| -- |
CBU-SCHOOL OF MEDICINE LIBRARY (Ndola) |
| -- |
OTL TX 341 Foo (BOX 2) |
| -- |
1 |
| -- |
AVAILABLE |
| -- |
Oct 25, 2012 |
| -- |
901866 |
| -- |
Medical Library Open Access Collection |
| 995 ## - |
| -- |
MEDICAL LIBRARY OPEN ACCESS |
| -- |
901868 |
| -- |
CBU-SCHOOL OF MEDICINE LIBRARY (Ndola) |
| -- |
OTL TX 341 Foo (BOX 2) |
| -- |
2 |
| -- |
AVAILABLE |
| -- |
Oct 25, 2012 |
| -- |
901868 |
| -- |
Medical Library Open Access Collection |
| 995 ## - |
| -- |
MEDICAL LIBRARY OPEN ACCESS |
| -- |
901867 |
| -- |
CBU-SCHOOL OF MEDICINE LIBRARY (Ndola) |
| -- |
OTL TX 341 Foo (BOX 2) |
| -- |
1 |
| -- |
AVAILABLE |
| -- |
Oct 25, 2012 |
| -- |
901867 |
| -- |
Medical Library Open Access Collection |
| 995 ## - |
| -- |
MEDICAL LIBRARY OPEN ACCESS |
| -- |
901884 |
| -- |
CBU-SCHOOL OF MEDICINE LIBRARY (Ndola) |
| -- |
OTL TX 341 Foo (BOX 2) |
| -- |
3 |
| -- |
AVAILABLE |
| -- |
Oct 31, 2012 |
| -- |
901884 |
| -- |
Medical Library Open Access Collection |
| 999 ## - |
| -- |
63870 |
| -- |
63870 |